Statistics for FIFA World Cup losing bids

Click here to take the quiz!

General Stats

  • This quiz has been taken 24 times
  • The average score is 14 of 18

Answer Stats

YearWinner / HostLosing bid(s)% Correct
United Kingdom (England)
100%
United Kingdom (England)
100%
Australia
89%
2018RussiaPortugal / Spain
89%
Brazil
84%
Japan
84%
2002Japan / South KoreaMexico
84%
South Korea
84%
2022QatarUnited States
84%
Egypt
79%
Belgium / Netherlands
74%
1994United StatesMorocco
68%
1998FranceMorocco
68%
2026United States / Canada / MexicoMorocco
68%
Morocco
68%
2010South AfricaMorocco
68%
2006GermanySouth Africa
47%
1990ItalySoviet Union
11%

Score Distribution

Percentile by Number Answered

Percent of People with Each Score

Your Score History

You have not taken this quiz